| 000 | 00954njm a22002657a 4500 | ||
|---|---|---|---|
| 005 | 2010091603003.0 | ||
| 007 | sd ammalaaahaa | ||
| 008 | 100914t xxu||||| |||| 00| 0 eng d | ||
| 028 |
_aELRZ. 5 _bRegal |
||
| 035 | _aGR-02814 | ||
| 100 |
_919854 _aMohd. Rafi |
||
| 245 |
_aWhen melody was queen side. 1 & 2 / _h[sound recording] : _cby Mohd. Rafi ; music Shankar Jaikishan ; lyric Selendra |
||
| 260 |
_aDum Dum, India _bRegal _cn. d. |
||
| 300 |
_a1 sound disc [Gramophone record] : _banalog, 33 1/3 rpm _c12 in. (LP) _fGramophone record |
||
| 500 | _aBrief record. | ||
| 500 | _aRegal | ||
| 500 | _aBlack | ||
| 505 | _aAnkhiyan milake-rattan, Dilmen chhupa ke pyar ka-aan | ||
| 650 |
_aClassical Music _xExcerpts _zIndia _919855 _vFilmi song |
||
| 700 |
_91184 _aShankar Jaikishan |
||
| 700 |
_919963 _aSelendra |
||
| 700 | _920097 | ||
| 942 |
_2ddc _cGR |
||
| 999 |
_c46101 _d46101 |
||